Villes de Suisse - Mort subite - Statistiques

Statistiques générales
  • Ce quiz a été pris 1 301 fois
  • Le résultat moyen est 11 sur 20
Answers on the Grid
Answers color-coded by a green-red scale on the quiz's grid according to % correct below.
Turin
Lugano
Yverdon-les-Bains
Locarno
Besançon
Mulhouse
Bâle
Zurich
Berne
Augsbourg
Lausanne
Saint-Gall
Lucerne
Domodossola
Wiesbaden
Graz
Mons
Genève
Neuchâtel
Zoug
Chamonix
Vaduz
Schaffhouse
Soleure
Fribourg
Appenzell
Megève
Pontarlier
Thoune
Sion
Interlaken
Bulle
 
Statistiques - réponses
Réponse % Correct
Berne
79%
Genève
79%
Bâle
78%
Zurich
78%
Lausanne
77%
Lucerne
69%
Neuchâtel
67%
Sion
63%
Lugano
59%
Saint-Gall
56%
Fribourg
55%
Appenzell
46%
Thoune
46%
Yverdon-les-Bains
46%
Locarno
44%
Interlaken
41%
Zoug
41%
Schaffhouse
40%
Soleure
40%
Bulle
39%
Aucun quiz correspondant
Distribution des résultats
% des personnes avec chaque résultat
Percentile par nombre de réponses
Votre historique - résultats
Vous n’avez pas pris ce quiz